000 00450nam a22001577a 4500
003 OSt
005 20250922111320.0
008 250331b |||||||| |||| 00| 0 eng d
040 _c0
082 _aDPer 371.206005 J826
245 _aJournal of education finance /
260 _aIllinois ;
_bUniversity of Illinois Press ,
_c2022.
300 _aVolume 48, various paging :
_billustrations ;
_c28 cm.
650 0 _aFinance.
_918588
942 _2ddc
_cPER
999 _c23604
_d23604